<?xml version="1.0" encoding="UTF-8"?><marc:collection xmlns:marc="http://www.loc.gov/MARC21/slim">
  <marc:record>
    <marc:leader>04719nas a2200721 c 4500</marc:leader>
    <marc:controlfield tag="001">01003899X</marc:controlfield>
    <marc:controlfield tag="003">DE-101</marc:controlfield>
    <marc:controlfield tag="005">20250311200109.0</marc:controlfield>
    <marc:controlfield tag="007">tu</marc:controlfield>
    <marc:controlfield tag="008">991118d19581973xxuu||p|  cb| 0||||1eng c</marc:controlfield>
    <marc:datafield tag="016" ind1="7" ind2=" ">
      <marc:subfield code="2">DE-600</marc:subfield>
      <marc:subfield code="a">2705-4</marc:subfield>
    </marc:datafield>
    <marc:datafield tag="016" ind1="7" ind2=" ">
      <marc:subfield code="2">DE-101</marc:subfield>
      <marc:subfield code="a">01003899X</marc:subfield>
    </marc:datafield>
    <marc:datafield tag="035" ind1=" " ind2=" ">
      <marc:subfield code="a">(DE-599)ZDB2705-4</marc:subfield>
    </marc:datafield>
    <marc:datafield tag="035" ind1=" " ind2=" ">
      <marc:subfield code="a">(OCoLC)1367293474</marc:subfield>
    </marc:datafield>
    <marc:datafield tag="040" ind1=" " ind2=" ">
      <marc:subfield code="a">9001</marc:subfield>
      <marc:subfield code="b">ger</marc:subfield>
      <marc:subfield code="c">DE-101</marc:subfield>
      <marc:subfield code="d">9999</marc:subfield>
    </marc:datafield>
    <marc:datafield tag="041" ind1=" " ind2=" ">
      <marc:subfield code="a">eng</marc:subfield>
    </marc:datafield>
    <marc:datafield tag="042" ind1=" " ind2=" ">
      <marc:subfield code="a">zdb</marc:subfield>
    </marc:datafield>
    <marc:datafield tag="044" ind1=" " ind2=" ">
      <marc:subfield code="c">XD-US</marc:subfield>
    </marc:datafield>
    <marc:datafield tag="082" ind1="7" ind2="4">
      <marc:subfield code="a">050</marc:subfield>
      <marc:subfield code="q">DE-101</marc:subfield>
      <marc:subfield code="2">22sdnb</marc:subfield>
    </marc:datafield>
    <marc:datafield tag="083" ind1="7" ind2=" ">
      <marc:subfield code="a">010</marc:subfield>
      <marc:subfield code="a">780</marc:subfield>
      <marc:subfield code="q">DE-600</marc:subfield>
      <marc:subfield code="2">22sdnb</marc:subfield>
    </marc:datafield>
    <marc:datafield tag="084" ind1=" " ind2=" ">
      <marc:subfield code="a">AC 94810</marc:subfield>
      <marc:subfield code="2">rvk</marc:subfield>
    </marc:datafield>
    <marc:datafield tag="245" ind1="0" ind2="0">
      <marc:subfield code="a">&#152;The&#156; National union catalog</marc:subfield>
      <marc:subfield code="b">a cumulative author list representing Library of Congress printed cards and titles reported by other American libraries</marc:subfield>
      <marc:subfield code="n">[...]</marc:subfield>
      <marc:subfield code="p">[Mehrjahresausgaben]</marc:subfield>
      <marc:subfield code="n">[...]</marc:subfield>
      <marc:subfield code="p">Music and phonorecords</marc:subfield>
      <marc:subfield code="c">comp. and ed. with the coop. of the Library of Congress and the National Union Catalog Subcommittee and of the Resources Committee of the Resources and Technical Services Division, American Library Association</marc:subfield>
    </marc:datafield>
    <marc:datafield tag="246" ind1="1" ind2="3">
      <marc:subfield code="a">&#152;The&#156; National union catalog / Mehrjahresausgaben / Music and phonorecords</marc:subfield>
    </marc:datafield>
    <marc:datafield tag="264" ind1="3" ind2="1">
      <marc:subfield code="a">Washington, DC [u.a.]</marc:subfield>
      <marc:subfield code="b">LoC</marc:subfield>
      <marc:subfield code="c">1958-1973</marc:subfield>
    </marc:datafield>
    <marc:datafield tag="264" ind1="2" ind2="1">
      <marc:subfield code="3">anfangs</marc:subfield>
      <marc:subfield code="a">Ann Arbor, Mich.</marc:subfield>
      <marc:subfield code="b">Edwards</marc:subfield>
    </marc:datafield>
    <marc:datafield tag="336" ind1=" " ind2=" ">
      <marc:subfield code="a">Text</marc:subfield>
      <marc:subfield code="b">txt</marc:subfield>
      <marc:subfield code="2">rdacontent</marc:subfield>
    </marc:datafield>
    <marc:datafield tag="337" ind1=" " ind2=" ">
      <marc:subfield code="a">ohne Hilfsmittel zu benutzen</marc:subfield>
      <marc:subfield code="b">n</marc:subfield>
      <marc:subfield code="2">rdamedia</marc:subfield>
    </marc:datafield>
    <marc:datafield tag="338" ind1=" " ind2=" ">
      <marc:subfield code="a">Band</marc:subfield>
      <marc:subfield code="b">nc</marc:subfield>
      <marc:subfield code="2">rdacarrier</marc:subfield>
    </marc:datafield>
    <marc:datafield tag="362" ind1="0" ind2=" ">
      <marc:subfield code="a">1953/57(1958) - 1968/72(1973)</marc:subfield>
    </marc:datafield>
    <marc:datafield tag="363" ind1="0" ind2="0">
      <marc:subfield code="8">1.1\x</marc:subfield>
      <marc:subfield code="i">1953/57</marc:subfield>
    </marc:datafield>
    <marc:datafield tag="363" ind1="1" ind2="0">
      <marc:subfield code="8">1.2\x</marc:subfield>
      <marc:subfield code="i">1968/72</marc:subfield>
    </marc:datafield>
    <marc:datafield tag="591" ind1=" " ind2=" ">
      <marc:subfield code="a">C!Autopsie</marc:subfield>
    </marc:datafield>
    <marc:datafield tag="650" ind1=" " ind2="7">
      <marc:subfield code="0">(DE-588)4040802-4</marc:subfield>
      <marc:subfield code="0">https://d-nb.info/gnd/4040802-4</marc:subfield>
      <marc:subfield code="0">(DE-101)040408027</marc:subfield>
      <marc:subfield code="a">Musik</marc:subfield>
      <marc:subfield code="9">rswk-swf</marc:subfield>
      <marc:subfield code="2">gnd</marc:subfield>
    </marc:datafield>
    <marc:datafield tag="650" ind1=" " ind2="7">
      <marc:subfield code="0">(DE-588)4006432-3</marc:subfield>
      <marc:subfield code="0">https://d-nb.info/gnd/4006432-3</marc:subfield>
      <marc:subfield code="0">(DE-101)040064328</marc:subfield>
      <marc:subfield code="a">Bibliografie</marc:subfield>
      <marc:subfield code="9">rswk-swf</marc:subfield>
      <marc:subfield code="2">gnd</marc:subfield>
    </marc:datafield>
    <marc:datafield tag="650" ind1=" " ind2="7">
      <marc:subfield code="0">(DE-588)4040802-4</marc:subfield>
      <marc:subfield code="0">https://d-nb.info/gnd/4040802-4</marc:subfield>
      <marc:subfield code="0">(DE-101)040408027</marc:subfield>
      <marc:subfield code="a">Musik</marc:subfield>
      <marc:subfield code="9">rswk-swf</marc:subfield>
      <marc:subfield code="2">gnd</marc:subfield>
    </marc:datafield>
    <marc:datafield tag="650" ind1=" " ind2="7">
      <marc:subfield code="0">(DE-588)4244344-1</marc:subfield>
      <marc:subfield code="0">https://d-nb.info/gnd/4244344-1</marc:subfield>
      <marc:subfield code="0">(DE-101)04244344X</marc:subfield>
      <marc:subfield code="a">Musiktonträger</marc:subfield>
      <marc:subfield code="9">rswk-swf</marc:subfield>
      <marc:subfield code="2">gnd</marc:subfield>
    </marc:datafield>
    <marc:datafield tag="651" ind1=" " ind2="7">
      <marc:subfield code="0">(DE-588)4078704-7</marc:subfield>
      <marc:subfield code="0">https://d-nb.info/gnd/4078704-7</marc:subfield>
      <marc:subfield code="0">(DE-101)040787044</marc:subfield>
      <marc:subfield code="a">USA</marc:subfield>
      <marc:subfield code="9">rswk-swf</marc:subfield>
      <marc:subfield code="2">gnd</marc:subfield>
    </marc:datafield>
    <marc:datafield tag="651" ind1=" " ind2="7">
      <marc:subfield code="0">(DE-588)4078704-7</marc:subfield>
      <marc:subfield code="0">https://d-nb.info/gnd/4078704-7</marc:subfield>
      <marc:subfield code="0">(DE-101)040787044</marc:subfield>
      <marc:subfield code="a">USA</marc:subfield>
      <marc:subfield code="9">rswk-swf</marc:subfield>
      <marc:subfield code="2">gnd</marc:subfield>
    </marc:datafield>
    <marc:datafield tag="655" ind1=" " ind2="7">
      <marc:subfield code="0">(DE-588)4067488-5</marc:subfield>
      <marc:subfield code="0">https://d-nb.info/gnd/4067488-5</marc:subfield>
      <marc:subfield code="0">(DE-101)040674886</marc:subfield>
      <marc:subfield code="a">Zeitschrift</marc:subfield>
      <marc:subfield code="2">gnd-content</marc:subfield>
    </marc:datafield>
    <marc:datafield tag="655" ind1=" " ind2="7">
      <marc:subfield code="0">(DE-588)4163417-2</marc:subfield>
      <marc:subfield code="0">https://d-nb.info/gnd/4163417-2</marc:subfield>
      <marc:subfield code="0">(DE-101)041634179</marc:subfield>
      <marc:subfield code="a">Katalog</marc:subfield>
      <marc:subfield code="2">gnd-content</marc:subfield>
    </marc:datafield>
    <marc:datafield tag="655" ind1=" " ind2="7">
      <marc:subfield code="0">(DE-588)4006432-3</marc:subfield>
      <marc:subfield code="0">https://d-nb.info/gnd/4006432-3</marc:subfield>
      <marc:subfield code="0">(DE-101)040064328</marc:subfield>
      <marc:subfield code="a">Bibliografie</marc:subfield>
      <marc:subfield code="2">gnd-content</marc:subfield>
    </marc:datafield>
    <marc:datafield tag="655" ind1=" " ind2="7">
      <marc:subfield code="a">Bibliographie</marc:subfield>
      <marc:subfield code="9">rswk-swf</marc:subfield>
      <marc:subfield code="2">gnd</marc:subfield>
    </marc:datafield>
    <marc:datafield tag="689" ind1="0" ind2="0">
      <marc:subfield code="0">(DE-588)4040802-4</marc:subfield>
      <marc:subfield code="0">https://d-nb.info/gnd/4040802-4</marc:subfield>
      <marc:subfield code="0">(DE-101)040408027</marc:subfield>
      <marc:subfield code="D">s</marc:subfield>
      <marc:subfield code="a">Musik</marc:subfield>
    </marc:datafield>
    <marc:datafield tag="689" ind1="0" ind2="1">
      <marc:subfield code="0">(DE-588)4006432-3</marc:subfield>
      <marc:subfield code="0">https://d-nb.info/gnd/4006432-3</marc:subfield>
      <marc:subfield code="0">(DE-101)040064328</marc:subfield>
      <marc:subfield code="D">s</marc:subfield>
      <marc:subfield code="a">Bibliografie</marc:subfield>
    </marc:datafield>
    <marc:datafield tag="689" ind1="0" ind2=" ">
      <marc:subfield code="5">DE-600</marc:subfield>
      <marc:subfield code="5">DE-600</marc:subfield>
    </marc:datafield>
    <marc:datafield tag="689" ind1="1" ind2="0">
      <marc:subfield code="0">(DE-588)4078704-7</marc:subfield>
      <marc:subfield code="0">https://d-nb.info/gnd/4078704-7</marc:subfield>
      <marc:subfield code="0">(DE-101)040787044</marc:subfield>
      <marc:subfield code="D">g</marc:subfield>
      <marc:subfield code="a">USA</marc:subfield>
    </marc:datafield>
    <marc:datafield tag="689" ind1="1" ind2=" ">
      <marc:subfield code="5">DE-600</marc:subfield>
      <marc:subfield code="5">DE-600</marc:subfield>
    </marc:datafield>
    <marc:datafield tag="689" ind1="2" ind2="0">
      <marc:subfield code="0">(DE-588)4078704-7</marc:subfield>
      <marc:subfield code="0">https://d-nb.info/gnd/4078704-7</marc:subfield>
      <marc:subfield code="0">(DE-101)040787044</marc:subfield>
      <marc:subfield code="D">g</marc:subfield>
      <marc:subfield code="a">USA</marc:subfield>
    </marc:datafield>
    <marc:datafield tag="689" ind1="2" ind2="1">
      <marc:subfield code="0">(DE-588)4040802-4</marc:subfield>
      <marc:subfield code="0">https://d-nb.info/gnd/4040802-4</marc:subfield>
      <marc:subfield code="0">(DE-101)040408027</marc:subfield>
      <marc:subfield code="D">s</marc:subfield>
      <marc:subfield code="a">Musik</marc:subfield>
    </marc:datafield>
    <marc:datafield tag="689" ind1="2" ind2="2">
      <marc:subfield code="0">(DE-588)4244344-1</marc:subfield>
      <marc:subfield code="0">https://d-nb.info/gnd/4244344-1</marc:subfield>
      <marc:subfield code="0">(DE-101)04244344X</marc:subfield>
      <marc:subfield code="D">s</marc:subfield>
      <marc:subfield code="a">Musiktonträger</marc:subfield>
    </marc:datafield>
    <marc:datafield tag="689" ind1="2" ind2="3">
      <marc:subfield code="A">f</marc:subfield>
      <marc:subfield code="a">Bibliographie</marc:subfield>
    </marc:datafield>
    <marc:datafield tag="689" ind1="2" ind2=" ">
      <marc:subfield code="5">DE-600</marc:subfield>
      <marc:subfield code="5">DE-600</marc:subfield>
    </marc:datafield>
    <marc:datafield tag="710" ind1="2" ind2=" ">
      <marc:subfield code="0">(DE-588)35626-8</marc:subfield>
      <marc:subfield code="0">https://d-nb.info/gnd/35626-8</marc:subfield>
      <marc:subfield code="0">(DE-101)000356263</marc:subfield>
      <marc:subfield code="a">Library of Congress</marc:subfield>
      <marc:subfield code="e">Herausgebendes Organ</marc:subfield>
      <marc:subfield code="4">isb</marc:subfield>
      <marc:subfield code="2">gnd</marc:subfield>
    </marc:datafield>
    <marc:datafield tag="776" ind1="0" ind2="8">
      <marc:subfield code="i">Erscheint auch als</marc:subfield>
      <marc:subfield code="n">CD-ROM-Ausgabe, Ab 1960 </marc:subfield>
      <marc:subfield code="t">Muse</marc:subfield>
      <marc:subfield code="d">Baltimore, Md. : [Verlag nicht ermittelbar], 1994-2008</marc:subfield>
      <marc:subfield code="h">CD-ROMs</marc:subfield>
      <marc:subfield code="x">1054-2639</marc:subfield>
      <marc:subfield code="w">(DE-600)919303-0</marc:subfield>
      <marc:subfield code="w">(DE-101)015060918</marc:subfield>
    </marc:datafield>
    <marc:datafield tag="776" ind1="0" ind2="8">
      <marc:subfield code="i">Elektronische Reproduktion</marc:subfield>
      <marc:subfield code="a">Library of Congress</marc:subfield>
      <marc:subfield code="t">&#152;The&#156; National union catalog. [Mehrjahresausgaben]. Music and phonorecords</marc:subfield>
      <marc:subfield code="d">Washington, DC [u.a.] : LoC, 1953-1961</marc:subfield>
      <marc:subfield code="w">(DE-600)2914526-0</marc:subfield>
      <marc:subfield code="w">(DE-101)1148664920</marc:subfield>
    </marc:datafield>
    <marc:datafield tag="785" ind1="0" ind2="0">
      <marc:subfield code="i">Forts.:</marc:subfield>
      <marc:subfield code="t">&#152;The&#156; national union catalog / Mehrjahresausgaben / Music, books on music, and sound recordings</marc:subfield>
      <marc:subfield code="d">Washington, DC [u.a.] : LoC, 1978-1978</marc:subfield>
      <marc:subfield code="x">0092-2838</marc:subfield>
      <marc:subfield code="w">(DE-600)136057-7</marc:subfield>
      <marc:subfield code="w">(DE-101)01079297X</marc:subfield>
    </marc:datafield>
    <marc:datafield tag="787" ind1="0" ind2="8">
      <marc:subfield code="i">1953/57=1953/57,27; 1958/62=1958/62,51-52 von</marc:subfield>
      <marc:subfield code="t">&#152;The&#156; National union catalog / Mehrjahresausgaben</marc:subfield>
      <marc:subfield code="d">Washington, DC [u.a.] : LoC, 1958-1978</marc:subfield>
      <marc:subfield code="w">(DE-600)200880-4</marc:subfield>
      <marc:subfield code="w">(DE-101)01114078X</marc:subfield>
    </marc:datafield>
    <marc:datafield tag="787" ind1="0" ind2="8">
      <marc:subfield code="i">In Beziehung stehendes Werk</marc:subfield>
      <marc:subfield code="n">Primärstufe</marc:subfield>
      <marc:subfield code="a">Library of Congress</marc:subfield>
      <marc:subfield code="t">Library of Congress catalogs / Music and phonorecords / Halbjahresausgabe</marc:subfield>
      <marc:subfield code="d">Washington, DC : Libr. of Congress, 1953-1972</marc:subfield>
      <marc:subfield code="w">(DE-600)424123-X</marc:subfield>
      <marc:subfield code="w">(DE-101)012382159</marc:subfield>
    </marc:datafield>
    <marc:datafield tag="787" ind1="0" ind2="8">
      <marc:subfield code="i">In Beziehung stehendes Werk</marc:subfield>
      <marc:subfield code="n">Primärstufe</marc:subfield>
      <marc:subfield code="a">Library of Congress</marc:subfield>
      <marc:subfield code="t">Library of Congress catalogs / Music and phonorecords / Jahresausgabe</marc:subfield>
      <marc:subfield code="d">Washington, DC : Libr. of Congress, 1954-1973</marc:subfield>
      <marc:subfield code="x">0041-7793</marc:subfield>
      <marc:subfield code="w">(DE-600)3368-6</marc:subfield>
      <marc:subfield code="w">(DE-101)010050299</marc:subfield>
    </marc:datafield>
    <marc:datafield tag="850" ind1=" " ind2=" ">
      <marc:subfield code="a">DE-101a</marc:subfield>
    </marc:datafield>
    <marc:datafield tag="889" ind1=" " ind2=" ">
      <marc:subfield code="w">(DE-101)949403539</marc:subfield>
    </marc:datafield>
    <marc:datafield tag="930" ind1=" " ind2=" ">
      <marc:subfield code="a">[Mehrjahresausgaben]</marc:subfield>
    </marc:datafield>
    <marc:datafield tag="930" ind1=" " ind2=" ">
      <marc:subfield code="a">Music and phonorecords</marc:subfield>
    </marc:datafield>
  </marc:record>
</marc:collection>
